Pax Americana

保存先:
書誌詳細
第一著者: Steel, Ronald
フォーマット: 図書
言語:Undetermined
出版事項: New York The Viking Press 1967
主題:
タグ: タグ追加
タグなし, このレコードへの初めてのタグを付けませんか!
Thư viện lưu trữ: Trung tâm Học liệu Trường Đại học Cần Thơ
LEADER 00542nam a2200205Ia 4500
001 CTU_86878
008 210402s9999 xx 000 0 und d
082 |a 327.73 
082 |b S824 
100 |a Steel, Ronald 
245 0 |a Pax Americana 
245 0 |c Ronald Steel 
260 |a New York 
260 |b The Viking Press 
260 |c 1967 
650 |a World politics,Imperialism,United states 
650 |x Foreign relations 
650 |y 1945-,1945-1989 
904 |i Trúc 
980 |a Trung tâm Học liệu Trường Đại học Cần Thơ